Online
Catalog

Una vida transformada : (Record no. 3029)

MARC details
000 -CABECERA
campo de control de longitud fija 00796nam a2200241 a 4500
001 - NÚMERO DE CONTROL
campo de control 000003198
003 - IDENTIFICADOR DEL NÚMERO DE CONTROL
campo de control DO-SdBNP
005 - FECHA Y HORA DE LA ÚLTIMA TRANSACCIÓN
campo de control 20240510073818.0
007 - CAMPO FIJO DE DESCRIPCIÓN FÍSICA--INFORMACIÓN GENERAL
campo de control de longitud fija ta
008 - DATOS DE LONGITUD FIJA--INFORMACIÓN GENERAL
campo de control de longitud fija 090707s2008 dr c 000 0 spa d
020 ## - NÚMERO INTERNACIONAL ESTÁNDAR DEL LIBRO
Número Internacional Estándar del Libro 9789945161830
040 ## - FUENTE DE LA CATALOGACIÓN
Centro catalogador/agencia de origen DO-SdBNP
Lengua de catalogación spa
Centro/agencia transcriptor BNPHU
082 4# - NÚMERO DE LA CLASIFICACIÓN DECIMAL DEWEY
Número de clasificación 927.9223
Número de documento/Ítem P762v
Número de edición 22
100 ## - ENTRADA PRINCIPAL--NOMBRE DE PERSONA
Nombre de persona Polanco, Felipe
9 (RLIN) 10110
245 14 - MENCIÓN DE TÍTULO
Título Una vida transformada :
Resto del título una muestra más del poder de Dios /
Mención de responsabilidad, etc. Felipe de Jesús Polanco Delgado.
260 ## - PUBLICACIÓN, DISTRIBUCIÓN, ETC.
Lugar de publicación, distribución, etc. Santo Domingo :
Nombre del editor, distribuidor, etc. Búho,
Fecha de publicación, distribución, etc. 2008.
300 ## - DESCRIPCIÓN FÍSICA
Extensión 131 p. :
Otras características físicas retrs. ;
Dimensiones 22 cm.
500 ## - NOTA GENERAL
Nota general Incluye datos biográficos del autor en la solapa de la cubierta
600 14 - PUNTO DE ACCESO ADICIONAL DE MATERIA--NOMBRE DE PERSONA
Nombre de persona POLANCO DELGADO, FELIPE DE JESÚS
Forma completa/desarrollada del nombre BORUGA
9 (RLIN) 10110
650 #0 - PUNTO DE ACCESO ADICIONAL DE MATERIA--TÉRMINO DE MATERIA
Término de materia o nombre geográfico como elemento de entrada Vida cristiana
9 (RLIN) 668
910 ## - DATOS DE OPCIÓN DEL USUARIO (OCLC)
Datos de opción del usuario Validado. Control de calidad MFF
942 ## - ELEMENTOS DE PUNTO DE ACCESO ADICIONAL (KOHA)
Fuente del sistema de clasificación o colocación Dewey Decimal Classification
Tipo de ítem Koha Libro
Holdings
Estado de retiro Estado de pérdida Fuente del sistema de clasificación o colocación No para préstamo Código de colección Localización permanente Ubicación/localización actual Ubicación en estantería Fecha de adquisición Total de préstamos Signatura topográfica completa Código de barras Fecha visto por última vez Número de copia Precio válido a partir de Tipo de ítem Koha Nota pública Restricciones de uso
    Dewey Decimal Classification Préstamo en sala Dominicana de Servicio Biblioteca Nacional Pedro Henríquez Ureña Biblioteca Nacional Pedro Henríquez Ureña Depósito 07.07.2009   BNPHU DS 927.9223 P762v 3198-30 25.06.2020 e.3 25.06.2020 Libro S/A  
    Dewey Decimal Classification Préstamo en sala Dominicana de Servicio Biblioteca Nacional Pedro Henríquez Ureña Biblioteca Nacional Pedro Henríquez Ureña Depósito 26.08.2009   BNPHU DS 927.9223 P762v 3198-40 25.06.2020 e.4 25.06.2020 Libro S/A  
    Dewey Decimal Classification Préstamo en sala Dominicana de Servicio Biblioteca Nacional Pedro Henríquez Ureña Biblioteca Nacional Pedro Henríquez Ureña Depósito 26.08.2009   BNPHU DS 927.9223 P762v 3198-50 25.06.2020 e.5 25.06.2020 Libro S/A  
    Dewey Decimal Classification   Patrimonio Dominicano Biblioteca Nacional Pedro Henríquez Ureña Biblioteca Nacional Pedro Henríquez Ureña Depósito 07.07.2009   BNPHU PD 927.9223 P762v 3198-10 25.06.2020   25.06.2020 Libro S/A Préstamo restringido
    Dewey Decimal Classification   Patrimonio Dominicano Biblioteca Nacional Pedro Henríquez Ureña Biblioteca Nacional Pedro Henríquez Ureña Depósito 07.07.2009   BNPHU PD 927.9223 P762v 3198-20 25.06.2020 e.2 25.06.2020 Libro S/A Préstamo restringido

Powered by Koha